Aktuálny pohľad na zahraničný obchod v ČR Príloha Hospodárskych novín

Súčasný vývoj zahraničného obchodu Českej republiky. Vývoj vývozu z ČR z teritoriálneho hľadiska. Vývoz a dovoz podľa zoskupenia krajín. Štruktúra a bilancia zahraničného obchodu podľa zoskupenia krajín a podľa tovarových skupín. Zahraničný obchod podľa tovarových skupín.

Gespeichert in:
Bibliographische Detailangaben
1. Verfasser: Oberhauser, Ján Artur
Format: Buchkapitel
Sprache:Slowakisch
Schlagworte:
Tags: Tag hinzufügen
Keine Tags, Fügen Sie das erste Tag hinzu!

MARC

LEADER 00000naa a2200000 4500
001 r026452
005 20230824090222.1
041 0 |a slo 
044 |a SK 
245 1 0 |a Aktuálny pohľad na zahraničný obchod v ČR  |b Príloha Hospodárskych novín  |c Ján Artur Oberhauser 
520 |a Súčasný vývoj zahraničného obchodu Českej republiky. Vývoj vývozu z ČR z teritoriálneho hľadiska. Vývoz a dovoz podľa zoskupenia krajín. Štruktúra a bilancia zahraničného obchodu podľa zoskupenia krajín a podľa tovarových skupín. Zahraničný obchod podľa tovarových skupín. 
610 2 0 |a Česko 
610 2 0 |a 1996 
610 2 0 |a 1997 
610 2 0 |a obchod zahraničný 
610 2 0 |a vývoz 
610 2 0 |a dovoz 
610 2 0 |a bilancia obchodná 
610 2 0 |a štruktúra dovozu 
610 2 0 |a štruktúra vývozu 
100 1 |a Oberhauser, Ján Artur